000 00277nam a22001337a 4500
008 171104b xxu||||| |||| 00| 0 eng d
020 _a9780071108300
041 _aeng
080 _a339.138
100 _a61
101 _ashtj
245 _aSELLING
_cWEITZ
942 _2udc
_cBK
999 _c37589
_d37589